| 000 | 00000nam##2200000za#4500 |
| 001 | 9.536911 |
| 003 | CaOODSP |
| 005 | 20210615084537 |
| 007 | ta |
| 008 | 150406|2002||||xxc||||| f|0| 0 fre|d |
| 020 | |a0-660-62152-5 |
| 040 | |aCaOODSP|bfre |
| 041 | |aeng |
| 041 | |afre |
| 043 | |an-cn--- |
| 086 | 1 |aBT31-4/73-2002 |
| 110 | 1 |aCanada. |bConseil du trésor. |
| 245 | 10|aConseil de recherches en sciences humaines du Canada |
| 260 | |aOttawa - Ontario : |bSecrétariat du Conseil du Trésor du Canada |c2002. |
| 300 | |aii, 52p. : |bgraphiques, tableaux ; |c28 cm. |
| 490 | 1 |aRapport sur le rendement pour la période se terminant le 31 mars 2002 |
| 504 | |aBibliographie. |
| 563 | |aCouverture souple |
| 590 | |a02-46|b2002-11-15 |
| 691 | 07|aInstitution fédérale|2gcpds |
| 691 | 07|aPrévisions budgétaires|2gcpds |
| 691 | 07|aRecherche|2gcpds |
| 691 | 07|aSciences humaines|2gcpds |
| 691 | 07|aSciences sociales|2gcpds |
| 776 | 0#|tSocial Sciences and Humanities Research Council of Canada, performance report for the period ending March 31, 2002 |w(CaOODSP)9.573023 |
| 776 | 0#|tConseil des recherches en sciences humaines du Canada, rapport sur le rendement pour la période se terminant le 31 mars 2002 |w(CaOODSP)9.603266 |
| 791 | |tSocial Sciences and Humanities Research Council of Canada |eeng|w(CaOODSP)9.536910 |
| 830 | #0|aRapport sur le rendement pour la période se terminant le 31 mars 2002.|w(CaOODSP)9.510739 |